000 00704nam a2200205 a 4500
001 000025849
005 20200930024110.0
008 110217s1938 ag a r 000 | spa d
040 _aDO-SdBNP
_bspa
_cBNPHU
082 _a923.243
_bF763Z
100 1 _aZweig, Stefan,
_948388
245 1 0 _aFouché :
_bretrato de un político /
_cStefan Zweig; traducción Máximo José Kahn, Miguel Pérez Ferrero.
260 _aBarcelona :
_bJuventud,
_c1938.
300 _a276 p. :
_bil. ;
_c22 cm.
600 4 _aFOUCHÉ, JOSEPH,
_d1759-1820
_952680
650 4 _aPolíticos franceses
_xBiografías
_952681
700 1 _aJosé Kahn, Máximo,
_etr.
_952682
700 1 _aPérez Ferrero, Miguel,
_etr.
_952683
049 _aBNGR
999 _c25341
_d25341